000 01544nam2a22002531 4500
001 RU\NLR\INFOCOMM6\1000466230
005 20250617122616.0
035 _a(NLR Aleph) 002600758
090 _a3441896
_c3441896
100 _a20040623d1983 |||y0rusy50 ca
101 0 _arus
102 _aRU
105 _ay |||||||||
200 1 _aОсобенности строительства магистральных трубопроводов из многослойных труб
_fВ.Л. Березин и др.
210 _d1983
_aБ. м.
461 0 _1001RU\NLR\INFOCOMM6\1000466227
_12001#$aОсновные направления развития отрасли$eОбзор. информ.$iСерия "Строительство магистральных трубопроводов"$fВсесоюз. н.-и. и проект.-конструкт. ин-т ВНИИПКтехоргнефтегазстрой$v1983, Вып.3
_93441870
_cМ.
_d1983-
_fВсесоюз. н.-и. и проект.-конструкт. ин-т ВНИИПКтехоргнефтегазстрой
_iСерия "Строительство магистральных трубопроводов"
_nВНИИПКтехоргнефтегазстрой
_oОбзор. информ.
_tОсновные направления развития отрасли
_x0131-478
_v1983, Вып.3
700 1 _aБерезин
_bВ.Л.
_4070
801 1 _aRU
_bInfoComm
_c20040623
801 0 _aRU
_bNLR
_gPSBO
852 _aNLR
_jП10/5969
942 _cISSUE
980 _aNB
980 _aRUSPER